WorldView 4 : Video with Viedo/ DVD workbook and guide

محفوظ في:
التفاصيل البيبلوغرافية
المؤلف الرئيسي: Rost, Machael
التنسيق: كتاب
اللغة:Undetermined
منشور في: New York Pearson Education Limited 2005
الموضوعات:
الوسوم: إضافة وسم
لا توجد وسوم, كن أول من يضع وسما على هذه التسجيلة!
Thư viện lưu trữ: Trung tâm Học liệu Trường Đại học Cần Thơ
LEADER 00586nam a2200217Ia 4500
001 CTU_102687
008 210402s9999 xx 000 0 und d
020 |c 84.5 
082 |a 428.24 
082 |b R839 
100 |a Rost, Machael 
245 0 |a WorldView 4 : 
245 0 |b Video with Viedo/ DVD workbook and guide 
245 0 |c Machael Rost 
260 |a New York 
260 |b Pearson Education Limited 
260 |c 2005 
650 |a English language 
650 |x Textbooks for foreign speakers 
904 |i Năm 
980 |a Trung tâm Học liệu Trường Đại học Cần Thơ